| 000 | 00548nam a2200157 a 4500 | ||
|---|---|---|---|
| 008 | 120416s1984 ||||||||||||||||| || u | ||
| 020 | _a9154092000 | ||
| 050 | _aHD 7287 Sch | ||
| 100 | _aSchlyter, Ann | ||
| 245 | 1 | 0 | _aUpgrading reconsidered |
| 246 | _athe George studies in retrospect | ||
| 260 |
_aGAVLE (Sweden) _bThe National Swedish Institute for Build _c1984 |
||
| 300 | _a114p. | ||
| 350 | _a0.00 | ||
| 995 |
_D0.00 _FCBU-MAIN LIBRARY (Kitwe) _H1 _I4.00 _M1 _UAVAILABLE _ZZambiana Collection |
||
| 999 |
_c60966 _d60966 |
||